000 00821nam a22003018i 4500
999 _c995
_d995
001 021839604
003 UkOxU
005 20200311160712.0
008 190701s2019 enk j 000|f|eng|d
015 _aGBB9F0653
_2bnb
016 7 _a019530720
_2Uk
020 _a9781406385670 (pbk.) :
035 _a(Uk)019530720
040 _aStDuBDS
_beng
_erda
_cStDuBDS
082 0 4 _aFIC SHU
_223
100 1 _aShusterman, Neal,
_eauthor.
245 1 4 _aThe toll /
_cNeal Shusterman.
263 _a201911
264 1 _aLondon :
_bWalker Books and Subsidiaries,
_c2019.
300 _a1 volume ;
_c20 cm.
336 _atext
_2rdacontent
337 _aunmediated
_2rdamedia
338 _avolume
_2rdacarrier
440 _aArc of a scythe ;
_nBook 3.
655 0 _aDystopias.
655 0 _aYoung adult fiction.
942 _2ddc
_cFIC